日本電気と富士通 : 情報化社会・最先端技術時代を戦いぬくリーダーの軌跡

محفوظ في:
التفاصيل البيبلوغرافية
المؤلف الرئيسي: 小島徹(こじま とおる)
التنسيق: كتاب
اللغة:Undetermined
منشور في: 東京 日本実業出版社 1984
الموضوعات:
الوسوم: إضافة وسم
لا توجد وسوم, كن أول من يضع وسما على هذه التسجيلة!
Thư viện lưu trữ: Trung tâm Học liệu Trường Đại học Cần Thơ
LEADER 00614nam a2200205Ia 4500
001 CTU_94946
008 210402s9999 xx 000 0 und d
082 |a 338.8 
082 |b K81 
100 |a 小島徹(こじま とおる) 
245 0 |a 日本電気と富士通 : 
245 0 |b 情報化社会・最先端技術時代を戦いぬくリーダーの軌跡 
245 0 |c 小島徹, 池畠恵治 
260 |a 東京 
260 |b 日本実業出版社 
260 |c 1984 
650 |a Corporations 
650 |z Japan 
904 |i Ngoc 
980 |a Trung tâm Học liệu Trường Đại học Cần Thơ